| 000 | 00785nam a2200229 u 4500 | ||
|---|---|---|---|
| 005 | 20240919064702.0 | ||
| 008 | 171017s2014 ag r 000 0 spa d | ||
| 020 | _a9789876294492 | ||
| 035 | _aUPN01000221059 | ||
| 049 | _aCG | ||
| 050 | 4 |
_aLA546 _bG7.5 |
|
| 100 | 1 |
_aGrimson, Alejandro, _d1968- _939187 |
|
| 245 | 1 | 0 |
_aMitomanías de la educación argentina : _bcrítica de las frases hechas, las medias verdades y las soluciones mágicas / _cAlejandro Grimson, Emilio Tenti Fanfani. |
| 260 |
_aBuenos Aires : _bSiglo XXI, _cc2014. |
||
| 300 |
_a268 p. : _bil. |
||
| 440 | 0 | _aSingular | |
| 650 | 4 |
_aEducación _zArgentina _97731 |
|
| 650 | 4 |
_aFALACIAS COMUNES - _zARGENTINA _926332 |
|
| 700 | 1 |
_aTenti Fanfani, Emilio, _d1945- _ecoaut. _931349 |
|
| 905 | _aLibro | ||
| 999 |
_c193158 _d193158 |
||